000 00510nam a2200181 i 4500
001 bgj
100 1 _aBONSELS, Waldemar.
245 1 0 _aDer Wanderer zwischen Staub und Sternen /
_cWaldemar Bonsels ; [Worv Hanns Martin Elster].
260 _aBerlin :
_bDeutsche Buch-Gemeinschaft,
_ccop. 1926.
300 _a369, [2] s.
_c20 cm.
650 9 _aPowieść niemiecka
040 _cBPK
041 0 _ager
044 _aDEU
080 _a821.112.2-3
942 _cKS
008 s gw f |000 0 ger
999 _c50039
_d50039
856 _uhttp://koha.tu.koszalin.pl/cgi-bin/koha/opac-detail.pl?biblionumber=50039
_yKatalog online BPK